Ant: the definitive guide (E-BOOK) (Record no. 192255)
[ view plain ]
| 000 -LEADER | |
|---|---|
| fixed length control field | 01083 a2200253 4500 |
| 003 - CONTROL NUMBER IDENTIFIER | |
| control field | Nust |
| 005 - DATE AND TIME OF LATEST TRANSACTION | |
| control field | 20170207154033.0 |
| 010 ## - LIBRARY OF CONGRESS CONTROL NUMBER | |
| LC control number | 2002025250 |
| 020 ## - INTERNATIONAL STANDARD BOOK NUMBER | |
| International Standard Book Number | 0596001843 |
| 040 ## - CATALOGING SOURCE | |
| Transcribing agency | Nust |
| 082 00 - DEWEY DECIMAL CLASSIFICATION NUMBER | |
| Classification number | 005.133 |
| 100 1# - MAIN ENTRY--PERSONAL NAME | |
| Personal name | Tilly, Jesse. |
| 245 10 - TITLE STATEMENT | |
| Title | Ant: the definitive guide (E-BOOK) |
| Statement of responsibility, etc. | Jesse Tilly and Eric M. Burke. |
| 250 ## - EDITION STATEMENT | |
| Edition statement | 1st d. |
| 260 ## - PUBLICATION, DISTRIBUTION, ETC. | |
| Place of publication, distribution, etc. | Beijing ; |
| -- | Cambridge, Mass. : |
| Name of publisher, distributor, etc. | O'Reilly, |
| Date of publication, distribution, etc. | 2002. |
| 300 ## - PHYSICAL DESCRIPTION | |
| Extent | xviii, 269 p. ; |
| Dimensions | 24 cm. |
| 505 ## - FORMATTED CONTENTS NOTE | |
| Formatted contents note | Ant Jumpstart (Page-10) Installation and Configuration (Page-18) The Buildfile (Page-28) User-Written Tasks (Page-80) User-Written Listeners (Page-109) Core Tasks (Page-117) Optional Tasks (Page-212) |
| 650 #0 - SUBJECT ADDED ENTRY--TOPICAL TERM | |
| Topical term or geographic name entry element | Java (Computer program language) |
| 651 ## - SUBJECT ADDED ENTRY--GEOGRAPHIC NAME | |
| Geographic name | E-BOOK |
| 700 1# - ADDED ENTRY--PERSONAL NAME | |
| Personal name | Burke, Eric M. |
| 856 42 - ELECTRONIC LOCATION AND ACCESS | |
| Materials specified | Contributor biographical information |
| Uniform Resource Identifier | <a href="http://www.loc.gov/catdir/enhancements/fy0913/2002025250-b.html">http://www.loc.gov/catdir/enhancements/fy0913/2002025250-b.html</a> |
| 856 42 - ELECTRONIC LOCATION AND ACCESS | |
| Materials specified | Publisher description |
| Uniform Resource Identifier | <a href="http://www.loc.gov/catdir/enhancements/fy0915/2002025250-d.html">http://www.loc.gov/catdir/enhancements/fy0915/2002025250-d.html</a> |
| 856 42 - ELECTRONIC LOCATION AND ACCESS | |
| Materials specified | Table of contents only |
| Uniform Resource Identifier | <a href="http://www.loc.gov/catdir/enhancements/fy1009/2002025250-t.html">http://www.loc.gov/catdir/enhancements/fy1009/2002025250-t.html</a> |
| 942 ## - ADDED ENTRY ELEMENTS (KOHA) | |
| Source of classification or shelving scheme | |
| Koha item type | Book |
| Withdrawn status | Lost status | Source of classification or shelving scheme | Damaged status | Not for loan | Collection code | Permanent Location | Current Location | Date acquired | Total Checkouts | Full call number | Barcode | Date last seen | Price effective from | Koha item type |
|---|---|---|---|---|---|---|---|---|---|---|---|---|---|---|
| Military College of Signals (MCS) | Military College of Signals (MCS) | 12/12/2016 | 005.133 JES | MCSEB-1348 | 12/08/2016 | 12/12/2016 | Book |
